| 000 | 00513nam a2200157Ia 4500 | ||
|---|---|---|---|
| 008 | 151213s9999 xx 000 0 und d | ||
| 100 | _aMd. Altaf Hossain , Md. Abdul Mannan Bhuian | ||
| 245 |
_aThe Constitution of U.K. & U. S. A with India, Canada, & Suiztarland _cMd. Altaf Hossain , Md. Abdul Mannan Bhuian |
||
| 250 | _aii | ||
| 260 |
_aDhaka _bJolly Law Book Center _c2007 |
||
| 300 | _a3779 p. | ||
| 650 | _aLaw | ||
| 650 | _aLaw | ||
| 700 | _aMd. Altaf Hossain , Md. Abdul Mannan Bhuian | ||
| 999 |
_c2491 _d2491 |
||